000 00658nam a2200193Ia 4500
003 GCL
008 140319s9999 xx 000 0 ara d
020 _ax645499977
040 _aGCL /
_cGCL
082 0 4 _a070.41
_bا ف
100 1 _aاسماعيل ابراهيم
245 1 0 _aفن المقال الصحفى :
_bالأسس النظرية والتطبيقات العملية /
_cاسماعيل ابراهيم
260 _aالقاهرة :
_bدار الفجر للنشر والتوزيع ،
_c2001
300 _a256 ص ؛
_c22سم
650 0 4 _aالصحافة
650 0 4 _aالمقالة
650 0 4 _aالصحافة - تأليف
942 _2ddc
_cBK
999 _c30847
_d30847